QUEST Central Library Banner

Irrigation water resources and water power engineering / (Record no. 10395)

MARC details
000 -LEADER
fixed length control field 00546nam a2200157 a 4500
020 ## - INTERNATIONAL STANDARD BOOK NUMBER
ISBN 8189401297 (paperback)
020 ## - INTERNATIONAL STANDARD BOOK NUMBER
ISBN 9788189401290 (paperback)
100 1# - MAIN ENTRY--AUTHOR NAME
Personal name Modi, P.N.
245 10 - TITLE STATEMENT
Title Irrigation water resources and water power engineering /
260 ## - PUBLICATION, DISTRIBUTION, ETC. (IMPRINT)
Place of publication [S.l.] :
Name of publisher Standard Book House,
Year of publication 1988.
300 ## - PHYSICAL DESCRIPTION
Number of Pages 1 v. (unpaged) ;
856 40 - ELECTRONIC LOCATION AND ACCESS
Uniform Resource Identifier http://www.amazon.com/exec/obidos/ASIN/8189401297/chopaconline-20
Holdings
Withdrawn status Lost status Home library Current library Date acquired Cost, normal purchase price Full call number Accession Number Koha item type
    Central Library, QUEST, Nawabshah Central Library, QUEST, Nawabshah 25/09/2014 160.00 631.7MOD 14878 Books

Copyright © 2018,The QUEST, Nawabshah, Shaheed Benazirabad. All rights reserved
Mr. G. Farooq Channar (Librarian) QUEST, Nawabshah, Sindh, Pakistan 67480.
 Ph#: |   0244-9370381-4 Ext. 2308   Email| lib@quest.edu.pk   Web|  http://www.quest.edu.pk